00633nam a2200145Ia 4500008004100000050002800041100002000069245012400089260008600213300002800299521002300327942000700350999001900357952011100376140724s9999 xx 000 0 und d aPN 1992.95b.Sa243 2010 aSarao, Joannae. 2aA video documentary on the life of a prospective current and retired mothers of SOS Children's Village /cJoanne Sarao. aLas Piñas, Philippines :bSouthville International School and Colleges,cc2010. a78 p. :bill. ;c28 cm. aMass Communication cTH c228871d228871 001040aCLbCLcTHESESd2014-07-24l0oPN 1992.95 .Sa243 2010pT0225r2018-05-15 00:00:00w2014-07-24yTH